| 000 | 01576cam a22004214i 4500 | ||
|---|---|---|---|
| 003 | PE-LiUPU | ||
| 005 | 20250731173056.0 | ||
| 008 | 150623s r 000 0 d | ||
| 035 | _a(Sirsi) a24285 | ||
| 040 |
_aPE-LiUPU _bspa _cPE-LiUPU _erda |
||
| 082 | 0 | 4 |
_a221.077 _bC _221 |
| 100 | 1 |
_aJamieson, Robert, _eautor. |
|
| 245 | 1 | 0 |
_aGenesis to Esther [and] Job-Malachi : _ba commentary critical and explanatory, on the Old and New Testaments. _n1 / _cRobert Jamieson. |
| 264 | 1 |
_aBartford, Conn : _bScranton & Company, _c1871. |
|
| 300 |
_a742 p. ; 605 páginas : _bilustraciones, gráficos ; _c26 cm. |
||
| 336 |
_atext _2rdacontent |
||
| 337 |
_aunmediated _2rdamedia |
||
| 338 |
_avolume _2rdacarrier |
||
| 500 | _aEncuadernado el volumen I y volumen II. | ||
| 505 | 0 | _aGenesis to Esther [and] Job-Malachi: A commentary critical and explanatory, on the Old and New Testaments. | |
| 526 | _aSEG42 | ||
| 526 | _aSEG41 | ||
| 526 | _aSEG40 | ||
| 526 | _aSEG39 | ||
| 526 | _aP94 | ||
| 526 | _aP87 | ||
| 526 | _aP86 | ||
| 526 | _aP85 | ||
| 526 | _aP77 | ||
| 526 | _aP76 | ||
| 526 | _aP35 | ||
| 630 |
_aBiblia. _pA.T. _xComentarios. |
||
| 942 |
_2ddc _cBOOK |
||
| 949 |
_a221.077 C 1 _wDEWEY _c1 _i48572 _lCCODEBUL1 _mBUL _p00.00 _r0 _sY _tBOOK _u2015-06-24 _xBIBLIOTECA _PP35 _0COMPRA _o.STAFF. Colección General |
||
| 596 | _a1 | ||
| 999 |
_a221.077 C 1 _wDEWEY _c27745 _i48572 _d27745 _f2021-11-11 _g5 _lCCODEBUL1 _mBUL _q5 _r0 _sY _tBOOK _u2015-6-24 _xTEOLOGIA _PP35 _0COMPRA _o.STAFF. Colección General |
||
| 980 |
_81 _gALBERTO SANCHEZ Responsable de Automatización |
||